000 01326nam a2200241Ii 4500
003 JO-AjNU
005 20240630095926.0
008 230605s9999||||xx |||||||||||||| ||und||
040 _aJO-AjNU
_bara
_erda
_cJO-AjNU
041 _aara
050 1 4 _aQA11 2017
100 1 _aخضير ، سندس يحيى
_eمعد
_965903
245 0 0 _aدراسة تحليلية للتفكير الرياضي في كتاب الرياضيات المدرشسي للصف الثالث الاساسي في الاردن=Analytical Study of the Mathematical thinking in Mathemtics textbook for the third grade in jordon /
_cاعداد سندس يحيى خضير ؛إشراف خميس موسى نجم
260 _c2015
300 _a53ورقة
336 _atext
_btxt
_2rdacontent
337 _aunmediated
_bn
_2rdamedia
338 _avolume
_bnc
_2rdacarrier
500 _aرسالة جامعية (ماجستير في مناهج الرياضيات واساليب التدريس للمرحلة الاساسية)--جامعة ال البيت، كلية العلوم التربوية(المفرق)، 2015، يشتمل على جداول توضيحية
650 4 _aالرياضيات - تعليم وتعليم - التفكير الابداعي - الاردن
_957616
700 1 _aنجمم، خميس موسى
_965894
_eمشرف
942 _2lcc
_cTHS
999 _c29398
_d29398